000 00247nam a2200097Ia 4500
001 734200
005 20250826163829.0
008 250824s9999 xx 000 0 und d
245 0 _aTEŞKİLAT_I MAHSUSA OPERASYON
_cMEHMET IŞIK
260 _bYEDİVEREN
999 _c734200
_d734200